000 00553nam a22001817a 4500
005 20250325172123.0
008 250325b |||||||| |||| 00| 0 eng d
020 _a9783030909574
041 _aEng.
082 _a658.3 MAL
100 _aMalik, Ashish
245 _aStrategic Human Resource Management and Employment Relations: An International Perspective
250 _a2nd
260 _aSwitzerland
_bSpringer
_c2022
300 _a376;. P 23 cm
650 _aHuman Resource Management; Business Strategy; Leadership; Organization.
942 _cBK
999 _c43397
_d43397